[Event "6eme Open d'Echecs de Saint-Chely d'Aub"]
[Site "Saint-Chely d'Aubrac (12)"]
[Date "2006.07.17"]
[Round "4.1"]
[White "Grigore, George-Gabriel"]
[Black "Saucey, Michel"]
[Result "1-0"]
[WhiteElo "2472"]
[BlackElo "2342"]
[PlyCount "46"]
[EventDate "2006.07.??"]

1. d4 g6 2. c4 Bg7 3. Nc3 d6 4. Nf3 e5 5. dxe5 dxe5 6. Qxd8+ Kxd8 7. Bd2 Be6 8.
O-O-O Nd7 9. Ng5 Bxc4 10. e4 Be6 11. Nxe6+ fxe6 12. Bc4 Ke7 13. Nb5 Bh6 14.
Bxe6 Bxd2+ 15. Rxd2 Ngf6 16. Bxd7 Nxd7 17. Nxc7 Rac8 18. Rc2 Nf6 19. f3 Rhd8
20. Nb5 Nh5 21. Nxa7 Rxc2+ 22. Kxc2 Ra8 23. Nb5 Rxa2 1-0

[Event "6eme Open d'Echecs de Saint-Chely d'Aub"]
[Site "Saint-Chely d'Aubrac (12)"]
[Date "2006.07.17"]
[Round "4.2"]
[White "Mullon, Jean-Baptiste"]
[Black "Riff, Jean-Noel"]
[Result "1-0"]
[WhiteElo "2375"]
[BlackElo "2444"]
[PlyCount "123"]
[EventDate "2006.07.??"]

1. e4 c5 2. Nf3 e6 3. d4 cxd4 4. Nxd4 Nf6 5. Nc3 d6 6. Be3 Nc6 7. f4 e5 8. Nf3
Ng4 9. Qd2 Nxe3 10. Qxe3 exf4 11. Qxf4 Be7 12. O-O-O Be6 13. Kb1 O-O 14. Nd5
Rc8 15. a3 Re8 16. Bd3 h6 17. Rhf1 Bg5 18. Qg3 Bf6 19. c3 Bxd5 20. exd5 Ne5 21.
Bb5 Nc4 22. Bxc4 Rxc4 23. Nd2 Rc7 24. Qf2 {(=)} 24... b5 25. Rfe1 Rce7 26. Rxe7
Qxe7 27. Nf3 Qb7 28. Qd2 a5 29. Re1 Rc8 30. g4 b4 31. axb4 axb4 32. cxb4 Qa6
33. Qe3 Ra8 34. Qb3 Rb8 35. Nd2 Qb6 36. Nc4 Qd4 37. Rd1 Qxg4 38. h3 Qe4+ 39.
Qd3 Qf4 40. Re1 Qh4 41. Re4 Qf2 42. b5 Qg1+ 43. Ka2 Qc5 44. Na3 Be5 45. Rc4 Qf2
46. Rc2 Qb6 47. Rc6 Qf2 48. Rc2 Qa7 49. Rc6 g6 50. Qb3 Rb6 51. Rxb6 Qxb6 52.
Nc4 Qa7+ 53. Qa3 Qd4 54. Qa8+ Kg7 55. Qc6 Qa7+ 56. Kb3 Qa1 57. b6 Bd4 58. b7
Ba7 59. Qxd6 Qd1+ 60. Kb4 Qe1+ 61. Kb5 Qe8+ 62. Qc6 1-0

[Event "6eme Open d'Echecs de Saint-Chely d'Aub"]
[Site "Saint-Chely d'Aubrac (12)"]
[Date "2006.??.17"]
[Round "4.3"]
[White "Humeau, Cyril"]
[Black "Degraeve, Jean-Marc"]
[Result "0-1"]
[WhiteElo "2095"]
[BlackElo "2540"]
[PlyCount "116"]
[EventDate "2006.07.??"]

1. Nf3 d6 2. d4 Nf6 3. c4 c5 4. dxc5 Qa5+ 5. Nc3 Qxc5 6. e4 g6 7. Be2 Bg7 8.
O-O Bg4 9. b3 O-O 10. Be3 Qa5 11. Rc1 Bxf3 12. Bxf3 Nc6 13. Qd2 Nd7 14. Rfd1
Rfc8 15. Bg4 Rd8 16. Nd5 Qxd2 17. Rxd2 Nc5 18. Bf3 Kf8 19. Kf1 Rac8 20. h3 Ne5
21. Ke2 e6 22. Nf4 Ke7 23. Rcd1 b6 24. g3 Nc6 25. Kf1 a5 26. Nd3 Bc3 27. Rc2
Bd4 28. Nxc5 bxc5 29. Bd2 Rd7 30. Kg2 Ra7 31. a4 Rb8 32. Rb1 Ne5 33. Be2 Kd7
34. Ra2 Kc7 35. Be1 Kb6 36. Rd2 Ka6 37. h4 Rab7 38. Bd1 Nc6 39. Rd3 Rb6 40. f4
h5 41. Kf3 Bg7 42. Kg2 Bd4 43. Kf3 Ne7 44. Bd2 Ng8 45. Kg2 Nf6 46. Bf3 e5 47.
fxe5 dxe5 48. Kh3 Ne8 49. Bg2 Nd6 50. Kh2 f5 51. exf5 gxf5 52. Be3 e4 53. Bxd4
exd3 54. Bxc5 Rxb3 55. Re1 Ne4 56. Bxe4 fxe4 57. Rxe4 Rd8 58. Re3 Rb2+ 0-1

[Event "6eme Open d'Echecs de Saint-Chely d'Aub"]
[Site "Saint-Chely d'Aubrac (12)"]
[Date "2006.07.17"]
[Round "4.5"]
[White "Nass, Emile"]
[Black "Boudre, Jean-Pierre"]
[Result "1/2-1/2"]
[WhiteElo "2015"]
[BlackElo "2315"]
[PlyCount "129"]
[EventDate "2006.07.??"]

1. d4 d5 2. Nf3 Nf6 3. c4 c6 4. Nc3 e6 5. cxd5 exd5 6. Bg5 h6 7. Bh4 Bf5 8. e3
Nbd7 9. Bd3 Bxd3 10. Qxd3 Be7 11. O-O O-O 12. Rab1 a5 13. Qc2 Ne8 14. Bxe7 Qxe7
15. a3 Nd6 16. b4 axb4 17. axb4 Nc4 18. Ra1 b5 19. e4 dxe4 20. Rxa8 Rxa8 21.
Qxe4 Qxe4 22. Nxe4 Ra4 23. Rb1 Ndb6 24. Nc5 Ra2 25. g3 Nd5 26. Ne5 Nc3 27. Re1
Ne2+ 28. Kg2 Nxd4 29. Ncd7 Nxe5 30. Rxe5 Ne6 31. Nb8 Rc2 32. Re3 c5 33. bxc5
Rxc5 34. Nd7 Rc7 35. Nb6 Rc6 36. Nd5 Rc5 37. Nb4 g5 38. Re4 Kg7 39. Kf3 Kf6 40.
Ke3 Ke7 41. Nd3 Rd5 42. Nb4 Rd1 43. Ke2 Rh1 44. h4 gxh4 45. gxh4 f5 46. Re5
Rxh4 47. Nc2 b4 48. Rb5 Rc4 49. Rb7+ Kf6 50. Nxb4 Nf4+ 51. Kf3 h5 52. Kg3 h4+
53. Kh2 Ke5 54. Re7+ Kd6 55. Rb7 Rc3 56. Rh7 h3 57. Rh4 Rf3 58. Kg1 Ke5 59. Nc2
Ne2+ 60. Kf1 Ng3+ 61. Kg1 Ne4 62. Ne1 Rc3 63. f3 Re3 64. fxe4 Rxe1+ 65. Kf2
1/2-1/2

[Event "6eme Open d'Echecs de Saint-Chely d'Aub"]
[Site "Saint-Chely d'Aubrac (12)"]
[Date "2006.07.17"]
[Round "4.7"]
[White "Riff, Vincent"]
[Black "Ritzenthaler, Stephane"]
[Result "1/2-1/2"]
[WhiteElo "2328"]
[BlackElo "2007"]
[PlyCount "53"]
[EventDate "2006.07.??"]

1. d4 Nf6 2. Nf3 d5 3. c4 c6 4. e3 Bf5 5. Nc3 e6 6. Nh4 Bg6 7. Qb3 Qc7 8. Bd2
Nbd7 9. Rc1 dxc4 10. Bxc4 Nb6 11. Be2 Be7 12. Nxg6 hxg6 13. h3 Rd8 14. a4 Qd7
15. Qc2 Nbd5 16. Nxd5 Nxd5 17. O-O f5 18. a5 a6 19. Bc4 Nf6 20. Qb3 Kf7 21. f3
g5 22. e4 Qxd4+ 23. Be3 Qe5 24. Qc3 Qxc3 25. Rxc3 f4 26. Bb6 Rd2 27. Rb3
1/2-1/2

[Event "6eme Open d'Echecs de Saint-Chely d'Aub"]
[Site "Saint-Chely d'Aubrac (12)"]
[Date "2006.07.17"]
[Round "4.9"]
[White "Boulet, Stephane"]
[Black "Staub, Ludovic"]
[Result "0-1"]
[WhiteElo "1886"]
[BlackElo "2153"]
[PlyCount "48"]
[EventDate "2006.07.??"]

1. e4 c6 2. d4 d5 3. exd5 cxd5 4. Bd3 Nc6 5. c3 Nf6 6. Ne2 Bg4 7. O-O e6 8. Re1
Be7 9. Nd2 Qc7 10. Nf1 Bh5 11. Qa4 Bd6 12. Neg3 Bg6 13. Nf5 O-O 14. Nxd6 Bxd3
15. Nb5 Qd7 16. Na3 a6 17. Qd1 Bg6 18. Ng3 Rfc8 19. h4 h6 20. Qf3 Qe7 21. Bf4
b5 22. Re2 b4 23. Nc2 Bxc2 24. Rxc2 Nxd4 0-1

[Event "6eme Open d'Echecs de Saint-Chely d'Aub"]
[Site "Saint-Chely d'Aubrac (12)"]
[Date "2006.07.17"]
[Round "4.10"]
[White "Gouillart, Sylvain"]
[Black "Lagunes, Jean-Renaud"]
[Result "0-1"]
[WhiteElo "1888"]
[BlackElo "2151"]
[PlyCount "78"]
[EventDate "2006.07.??"]

1. c4 Nf6 2. Nc3 g6 3. g3 c6 4. Bg2 d6 5. Nf3 Bg7 6. O-O Qa5 7. d4 Qh5 8. Qa4
Bh3 9. Nd5 Nxd5 10. Bxh3 Nb6 11. Qb4 Qxh3 12. c5 N8d7 13. cxb6 axb6 14. e4 Ra5
15. Ng5 Qh5 16. f4 h6 17. Nf3 Qb5 18. Bd2 Qxb4 19. Bxb4 Ra4 20. Bc3 O-O 21. e5
b5 22. b3 Ra7 23. Rfd1 Nb6 24. exd6 exd6 25. Rd3 Nd5 26. Be1 Ra3 27. Rd2 Rfa8
28. Rb2 b4 29. Kf1 Nc3 30. Bxc3 bxc3 31. Rc2 Rxb3 32. axb3 Rxa1+ 33. Ke2 Kf8
34. Rxc3 Ra2+ 35. Kd3 Ke7 36. Rc1 Rf2 37. Ke3 Rb2 38. Nd2 Bxd4+ 39. Kd3 Bg7 0-1

[Event "6eme Open d'Echecs de Saint-Chely d'Aub"]
[Site "Saint-Chely d'Aubrac (12)"]
[Date "2006.07.17"]
[Round "4.11"]
[White "Larand, Manuel"]
[Black "Rabier, Jean"]
[Result "1-0"]
[WhiteElo "2078"]
[BlackElo "1972"]
[PlyCount "75"]
[EventDate "2006.07.??"]

1. c4 e5 2. Nc3 Nf6 3. g3 Nc6 4. Bg2 Be7 5. e3 d6 6. Nge2 O-O 7. O-O Be6 8. Nd5
Bxd5 9. cxd5 Nb8 10. d4 Nbd7 11. dxe5 Nxe5 12. h3 Ng6 13. e4 Re8 14. Be3 Bf8
15. Nc3 Rc8 16. Qb3 b6 17. Bd4 Ne5 18. Rad1 Ned7 19. Qc2 g6 20. Rfe1 Bg7 21.
Nb5 a6 22. Na7 Ra8 23. Nc6 Qc8 24. Qc3 Nh5 25. Bxg7 Nxg7 26. b4 Ne5 27. Nxe5
Rxe5 28. f4 Re7 29. Kh2 Qe8 30. Qf6 Nh5 31. Qb2 a5 32. b5 a4 33. Rd4 Ra5 34.
Bf1 f5 35. e5 dxe5 36. d6 cxd6 37. Rxd6 exf4 38. Bc4+ 1-0

[Event "6eme Open d'Echecs de Saint-Chely d'Aub"]
[Site "Saint-Chely d'Aubrac (12)"]
[Date "2006.07.17"]
[Round "4.12"]
[White "Sidibe, Malika"]
[Black "Laine, Patrice"]
[Result "0-1"]
[WhiteElo "1815"]
[BlackElo "2060"]
[PlyCount "82"]
[EventDate "2006.07.??"]

1. Nf3 d5 2. e3 Bg4 3. c4 c6 4. Qb3 Qc7 5. cxd5 Bxf3 6. gxf3 cxd5 7. Bb5+ Nd7
8. Nc3 e6 9. d4 Ngf6 10. e4 a6 11. Bd3 Qb6 12. Qxb6 Nxb6 13. Bf4 Rc8 14. a3 Be7
15. Rg1 g6 16. Rc1 O-O 17. Bg5 Rfe8 18. Ke2 Nfd7 19. Bxe7 Rxe7 20. e5 Nc4 21.
Nd1 Ndb6 22. f4 Kf8 23. Rc2 Rec7 24. Ne3 Na5 25. Rgc1 Nb3 26. Rxc7 Nxc1+ 27.
Rxc1 Rxc1 28. Kd2 Rh1 29. Nf1 Nc4+ 30. Kc3 Rg1 31. Bxc4 dxc4 32. Ne3 b5 33. d5
exd5 34. Nxd5 Rh1 35. Nc7 Rxh2 36. Nxa6 Rxf2 37. Nc7 Rf3+ 38. Kb4 Rb3+ 39. Kc5
Rxb2 40. Nxb5 Rxb5+ 41. Kxb5 c3 0-1

[Event "6eme Open d'Echecs de Saint-Chely d'Aub"]
[Site "Saint-Chely d'Aubrac (12)"]
[Date "2006.07.17"]
[Round "4.13"]
[White "Labarthe, Arnaud"]
[Black "Carno, Matthias"]
[Result "1-0"]
[WhiteElo "2044"]
[BlackElo "1880"]
[PlyCount "81"]
[EventDate "2006.07.??"]

1. d4 g6 2. e4 d6 3. Nc3 Nc6 4. d5 Ne5 5. f4 Nd7 6. Nf3 Bg7 7. Be3 Ngf6 8. Qd2
e5 9. fxe5 Nxe5 10. Nxe5 dxe5 11. O-O-O O-O 12. Kb1 Ng4 13. Bg5 Bf6 14. h4 h5
15. Bd3 a6 16. Rdf1 Bxg5 17. hxg5 Kg7 18. Nd1 Qd6 19. Be2 f5 20. Bxg4 fxg4 21.
Rxf8 Qxf8 22. Qc3 Qd6 23. Nf2 Bd7 24. Nd3 Re8 25. Rf1 h4 26. Rf6 Qe7 27. Nf4
exf4 28. Re6+ Kh7 29. Rxe7+ Rxe7 30. Qf6 Rg7 31. Qxf4 h3 32. c4 Kg8 33. Qxc7
Rf7 34. gxh3 gxh3 35. Qg3 Rf1+ 36. Kc2 Ra1 37. Kb3 Rf1 38. c5 Bg4 39. Qxg4 h2
40. Qc8+ Rf8 41. Qh3 1-0

[Event "6eme Open d'Echecs de Saint-Chely d'Aub"]
[Site "Saint-Chely d'Aubrac (12)"]
[Date "2006.??.17"]
[Round "4.14"]
[White "Lengert, Martin"]
[Black "Duffau, Pascal"]
[Result "0-1"]
[WhiteElo "1871"]
[BlackElo "2040"]
[PlyCount "78"]
[EventDate "2006.07.??"]

1. d4 Nf6 2. c4 e6 3. Nc3 Bb4 4. Qc2 b6 5. a3 Bxc3+ 6. Qxc3 Ne4 7. Qd3 f5 8.
Bf4 Bb7 9. f3 Nf6 10. Nh3 O-O 11. Nf2 d6 12. Rd1 Nbd7 13. Qc3 Qe7 14. Nd3 Rae8
15. Bg5 Qf7 16. e3 Qh5 17. Bxf6 Nxf6 18. Be2 Qg5 19. Nf4 e5 20. dxe5 dxe5 21.
Nd5 Qxg2 22. Rf1 Nxd5 23. cxd5 Re7 24. Rd2 Qxh2 25. Kd1 Qh4 26. Kc1 Qf6 27. e4
f4 28. Rfd1 Qd6 29. Kb1 Kh8 30. Bb5 g5 31. Rg1 Rg7 32. Rdg2 Rfg8 33. Be2 Bc8
34. Qd3 a5 35. Qd1 Bd7 36. Qf1 Be8 37. Rh2 Bd7 38. Rhg2 Qc5 39. Bd1 Bh3 0-1

[Event "6eme Open d'Echecs de Saint-Chely d'Aub"]
[Site "Saint-Chely d'Aubrac (12)"]
[Date "2006.07.17"]
[Round "4.17"]
[White "Boulier, Rene"]
[Black "Trzesniower, Jacques"]
[Result "1-0"]
[WhiteElo "1993"]
[BlackElo "1550"]
[PlyCount "47"]
[EventDate "2006.07.??"]

1. e4 c5 2. b4 b6 3. Bc4 e6 4. bxc5 bxc5 5. Nc3 Nc6 6. Nf3 g6 7. Rb1 Bg7 8. Bb2
a6 9. Na4 Nf6 10. Bxf6 Bxf6 11. Nxc5 d6 12. Nb3 d5 13. exd5 exd5 14. Be2 O-O
15. O-O Bg7 16. d4 Bf5 17. Bd3 Bg4 18. c3 Qc8 19. Nc5 Rd8 20. h3 Be6 21. Ng5
Re8 22. Qf3 Bf8 23. Ncxe6 fxe6 24. Qf7+ 1-0

[Event "6eme Open d'Echecs de Saint-Chely d'Aub"]
[Site "Saint-Chely d'Aubrac (12)"]
[Date "2006.07.17"]
[Round "4.18"]
[White "Lassis, Patrick"]
[Black "Tassetti, Matthieu"]
[Result "0-1"]
[WhiteElo "1760"]
[BlackElo "1979"]
[PlyCount "80"]
[EventDate "2006.07.??"]

1. Nf3 g6 2. d4 Bg7 3. e4 c6 4. Be2 d5 5. e5 f6 6. Bf4 Nh6 7. Qd2 Nf7 8. Qe3
O-O 9. h4 Bg4 10. Nbd2 Qb6 11. Nb3 Bxf3 12. Bxf3 fxe5 13. dxe5 Nxe5 14. Qxb6
Nxf3+ 15. gxf3 axb6 16. Bxb8 Raxb8 17. O-O-O Rxf3 18. h5 Rxf2 19. Nd4 Bxd4 20.
Rxd4 Rbf8 21. Rdd1 Re2 22. Rdg1 Kg7 23. hxg6 hxg6 24. Rh3 Rff2 25. Rhg3 Rxc2+
26. Kd1 Rxb2 27. Rxg6+ Kf7 28. Rg7+ Ke8 29. Kc1 Rxa2 30. Kb1 Kd7 31. R7g6 b5
32. R6g5 b4 33. R5g4 c5 34. Rg5 Kd6 35. Rg6+ e6 36. Re1 Rae2 37. Rd1 c4 38. Rg7
c3 39. Rdg1 Rb2+ 40. Kc1 Ra2 0-1

[Event "6eme Open d'Echecs de Saint-Chely d'Aub"]
[Site "Saint-Chely d'Aubrac (12)"]
[Date "2006.07.17"]
[Round "4.19"]
[White "Della Ragione, Enzo"]
[Black "De Biasi, Robert"]
[Result "1-0"]
[WhiteElo "1720"]
[BlackElo "1818"]
[PlyCount "93"]
[EventDate "2006.07.??"]

1. c4 c5 2. Nc3 Nc6 3. g3 g6 4. Bg2 Bg7 5. Nf3 Nf6 6. O-O O-O 7. d3 d6 8. Bd2
Re8 9. Rb1 e5 10. a3 a6 11. b4 cxb4 12. axb4 Rb8 13. b5 axb5 14. Nxb5 Qd7 15.
Be3 d5 16. Bg5 d4 17. Ne1 b6 18. Nc2 Na7 19. Nxa7 Qxa7 20. Ra1 Qc7 21. Bxf6
Bxf6 22. Nb4 Qd6 23. Nd5 Bg7 24. Ra7 Be6 25. Nc7 Re7 26. Nb5 Qc5 27. Qa4 Bd7
28. Rb1 Be8 29. Rxe7 Qxe7 30. Qb4 Qd8 31. Bd5 Bf8 32. Qa4 Kg7 33. Qa7 Bc5 34.
Nc7 Kg8 35. Na6 Rc8 36. Bb7 Qe7 37. Nxc5 bxc5 38. Qa6 Rc7 39. Bd5 Kg7 40. Rb8
Ra7 41. Rxe8 Qd7 42. Qc6 Qh3 43. Ra8 Re7 44. Qd6 Rd7 45. Qxe5+ Kh6 46. Rg8 Ra7
47. Qf4+ 1-0

[Event "6eme Open d'Echecs de Saint-Chely d'Aub"]
[Site "Saint-Chely d'Aubrac (12)"]
[Date "2006.07.17"]
[Round "4.20"]
[White "Michel, Jerome"]
[Black "Magnier, Patrice"]
[Result "1-0"]
[WhiteElo "1640"]
[BlackElo "2080"]
[PlyCount "53"]
[EventDate "2006.07.??"]

1. e4 c5 2. c3 d5 3. exd5 Qxd5 4. d4 e6 5. Nf3 Nf6 6. Be2 Nc6 7. O-O cxd4 8.
cxd4 Be7 9. Nc3 Qd8 10. Bg5 O-O 11. Rc1 Nb4 12. Qb3 Nbd5 13. Nxd5 Qxd5 14. Qxd5
Nxd5 15. Bxe7 Nxe7 16. Bc4 Rd8 17. Bb3 b6 18. Rc7 Kf8 19. Rfc1 Ba6 20. Ne5 Rxd4
21. Rxe7 Re4 22. Rxf7+ Kg8 23. Bxe6 Kh8 24. Bd5 Rxe5 25. Bxa8 Bc4 26. Rf8+ Bg8
27. f4 1-0

[Event "6eme Open d'Echecs de Saint-Chely d'Aub"]
[Site "Saint-Chely d'Aubrac (12)"]
[Date "2006.07.17"]
[Round "4.21"]
[White "Lefebvre, Stephane"]
[Black "Desboeufs, Claude"]
[Result "0-1"]
[WhiteElo "1810"]
[BlackElo "1580"]
[PlyCount "64"]
[EventDate "2006.07.??"]

1. e4 d6 2. d4 Nf6 3. Bd3 g6 4. Ne2 Bg7 5. O-O O-O 6. h3 Nc6 7. c3 e5 8. d5 Ne7
9. Bg5 Nh5 10. f4 f6 11. Bh4 Qe8 12. fxe5 fxe5 13. Nd2 Bf6 14. Bf2 g5 15. c4
Qg6 16. b4 Nf4 17. Nxf4 gxf4 18. Qf3 Kh8 19. c5 Rg8 20. Nc4 Qh6 21. Kh2 Ng6 22.
cxd6 Nh4 23. Bxh4 Qxh4 24. dxc7 Bg4 25. Qf2 Qh5 26. Nd2 Bh4 27. Qg1 Bg3+ 28.
Kh1 Bxh3 29. Nf3 Bg4+ 30. Nh2 Rg6 31. Rxf4 Bxf4 32. g3 Bf3+ 0-1

[Event "6eme Open d'Echecs de Saint-Chely d'Aub"]
[Site "Saint-Chely d'Aubrac (12)"]
[Date "2006.07.17"]
[Round "4.22"]
[White "Perrin, Yannick"]
[Black "Gipouloux, Laurent"]
[Result "1-0"]
[WhiteElo "1620"]
[BlackElo "1806"]
[PlyCount "65"]
[EventDate "2006.07.??"]

1. e4 e5 2. Nf3 Nc6 3. Bc4 Bc5 4. Nc3 Nf6 5. d3 h6 6. O-O d6 7. h3 Qe7 8. a3
Be6 9. Bxe6 Qxe6 10. Be3 Bxe3 11. fxe3 g5 12. d4 Qe7 13. Nd5 Nxd5 14. exd5 Nd8
15. dxe5 dxe5 16. e4 f6 17. b4 Nf7 18. c4 Nd6 19. Nd2 h5 20. Rf2 O-O-O 21. Qf3
Rdf8 22. Raf1 Rh6 23. Qe3 Kb8 24. h4 Nf7 25. hxg5 fxg5 26. Qf3 b6 27. Qe3 Rhh8
28. c5 g4 29. c6 h4 30. Qe2 g3 31. Rxf7 Rxf7 32. Qa6 Rxf1+ 33. Nxf1 1-0

[Event "6eme Open d'Echecs de Saint-Chely d'Aub"]
[Site "Saint-Chely d'Aubrac (12)"]
[Date "2006.07.17"]
[Round "4.23"]
[White "Weck, Myriam"]
[Black "Tournier, Jean-Pascal"]
[Result "1-0"]
[WhiteElo "1803"]
[BlackElo "1560"]
[PlyCount "99"]
[EventDate "2006.07.??"]

1. b3 Nf6 2. Bb2 g6 3. f4 d5 4. Nf3 Bg7 5. e3 Nc6 6. Be2 Bf5 7. Nd4 Nxd4 8.
Bxd4 Qd7 9. d3 a6 10. Qd2 Rc8 11. Bf3 c5 12. Bb2 Ne4 13. Qc1 Nf6 14. O-O O-O
15. Nd2 Bg4 16. Rb1 Qe6 17. Re1 Bxf3 18. Nxf3 Qb6 19. Qd2 Qd6 20. Ba3 Nd7 21.
Rbd1 e6 22. Qf2 b5 23. Nd2 b4 24. Bc1 Bc3 25. Kh1 Qc6 26. Rf1 Bg7 27. e4 Nf6
28. Qe2 h5 29. Rde1 Rce8 30. Qf3 Kh7 31. h3 Nd7 32. a4 Re7 33. exd5 Qb7 34. Nc4
Bc3 35. Bd2 Bxd2 36. Nxd2 Nf6 37. dxe6 Qxf3 38. Nxf3 fxe6 39. Ng5+ Kg8 40. Rxe6
Rxe6 41. Nxe6 Rc8 42. f5 Rc6 43. Ng5 Nd5 44. fxg6 Rxg6 45. Ne4 Ne3 46. Rf2 a5
47. Nf6+ Kh8 48. Nxh5 Rg5 49. Nf6 Nd1 50. Rd2 1-0

[Event "6eme Open d'Echecs de Saint-Chely d'Aub"]
[Site "Saint-Chely d'Aubrac (12)"]
[Date "2006.07.17"]
[Round "4.24"]
[White "Casasnovas, Vincent"]
[Black "Lengert, Vincent"]
[Result "0-1"]
[WhiteElo "1570"]
[BlackElo "1786"]
[PlyCount "90"]
[EventDate "2006.07.??"]

1. e4 e5 2. Bc4 Nf6 3. d3 Bc5 4. Nf3 d6 5. O-O Bg4 6. h3 Bh5 7. Nbd2 h6 8. Re1
c6 9. c3 Qb6 10. Qe2 a5 11. Nb3 Nbd7 12. Nxc5 Nxc5 13. Be3 Bxf3 14. gxf3 O-O
15. Kh2 d5 16. Bxc5 Qxc5 17. Bb3 Nh5 18. Rg1 Nf4 19. Qd2 a4 20. d4 Qd6 21. Bc2
exd4 22. Qxd4 Ne2+ 23. e5 Nxd4 24. exd6 Nxf3+ 25. Kh1 Nxg1 26. Kxg1 Rfd8 27.
Re1 Rxd6 28. Re7 b5 29. Bf5 Kf8 30. Re3 Re8 31. Kg2 Rxe3 32. fxe3 g6 33. Bd3 c5
34. a3 Rb6 35. Bc2 Ke7 36. b4 cxb4 37. cxb4 Rc6 38. Bd3 Rc3 39. Bxb5 Rxe3 40.
Bc6 Kd6 41. b5 Rxa3 42. Be8 Ke7 43. Bc6 Rb3 44. b6 a3 45. b7 Kd6 0-1

[Event "6eme Open d'Echecs de Saint-Chely d'Aub"]
[Site "Saint-Chely d'Aubrac (12)"]
[Date "2006.07.17"]
[Round "4.25"]
[White "Schneider, Alec"]
[Black "Maurand, Sylvain"]
[Result "1-0"]
[WhiteElo "1550"]
[BlackElo "1760"]
[PlyCount "75"]
[EventDate "2006.07.??"]

1. c4 Nf6 2. Nc3 e6 3. b3 Be7 4. Nf3 O-O 5. d4 d5 6. e3 c6 7. Bb2 Nbd7 8. Bd3
Re8 9. Qc2 Nf8 10. O-O N6d7 11. Rfe1 Nb6 12. c5 Nbd7 13. Ne2 Nf6 14. a4 Bd7 15.
Ne5 Qc7 16. b4 b6 17. Rec1 bxc5 18. bxc5 a5 19. Bc3 Bc8 20. Qd2 Ne4 21. Bxe4
dxe4 22. Rcb1 f6 23. Nc4 e5 24. Bxa5 Qa7 25. Bb6 Qd7 26. Ba5 Bxc5 27. Bc3 exd4
28. Bxd4 Bxd4 29. exd4 Qg4 30. Nb6 Ra7 31. Nxc8 Rxc8 32. Ng3 Rac7 33. a5 c5 34.
dxc5 Rxc5 35. h3 Qe6 36. a6 Rc2 37. Qe3 Qc6 38. Qb3+ 1-0

[Event "6eme Open d'Echecs de Saint-Chely d'Aub"]
[Site "Saint-Chely d'Aubrac (12)"]
[Date "2006.07.17"]
[Round "4.26"]
[White "Marie, Olivier"]
[Black "Carabetta, Gaetan"]
[Result "1/2-1/2"]
[WhiteElo "1750"]
[BlackElo "1520"]
[PlyCount "142"]
[EventDate "2006.07.??"]

1. d4 g6 2. c4 Bg7 3. Nc3 Nf6 4. g3 O-O 5. Bg2 d6 6. e3 Bf5 7. Bxb7 Nbd7 8. e4
Rb8 9. Bc6 Rb6 10. exf5 Rxc6 11. Qa4 Rb6 12. Nge2 Qa8 13. O-O c5 14. d5 Ne5 15.
b3 Rb4 16. Qa3 a5 17. Be3 Qa6 18. Rab1 Nfg4 19. Qc1 Nxe3 20. Qxe3 Ng4 21. Qf4
Ne5 22. Rfd1 Nd7 23. Ne4 a4 24. Ng5 axb3 25. axb3 Qa2 26. Qf3 Ne5 27. Qe3 Bh6
28. f4 Nd7 29. Qd3 Bg7 30. Rd2 Qa3 31. Nc1 Qa6 32. Ra2 Qb7 33. Nf3 Ra8 34. Nd2
Rxa2 35. Nxa2 Rb6 36. Kg2 Ra6 37. Nc1 Nb8 38. Qe4 Qd7 39. Nf3 Qxf5 40. Qxf5
gxf5 41. Nh4 e6 42. Kf3 Ra1 43. Rxa1 Bxa1 44. h3 Kg7 45. g4 fxg4+ 46. hxg4 Nd7
47. Nd3 exd5 48. cxd5 Nf6 49. Nf5+ Kg6 50. Nxd6 Nxd5 51. f5+ 51... Kg7 {(=)}
52. Nxc5 Nb4 53. Ke4 f6 54. Ne6+ Kg8 55. Nc4 Bc3 56. g5 fxg5 57. Nxg5 h6 58.
Nh3 Kg7 59. Nf4 59... Kf6 {(=)} 60. Ne2 Be1 61. Nf4 Bh4 62. Ng6 Bg5 63. Nce5
Kg7 64. Nf3 64... Bf6 {(=)} 65. Nfe5 Bg5 66. Nf4 Kf6 67. Ned3 Nxd3 68. Nh5+ Ke7
69. Kxd3 Bh4 70. b4 Kd6 71. Ke4 Kc6 1/2-1/2

[Event "6eme Open d'Echecs de Saint-Chely d'Aub"]
[Site "Saint-Chely d'Aubrac (12)"]
[Date "2006.07.17"]
[Round "4.27"]
[White "Lepere, Philippe"]
[Black "Viennot, Dylan"]
[Result "0-1"]
[WhiteElo "1720"]
[BlackElo "1510"]
[PlyCount "88"]
[EventDate "2006.07.??"]

1. d4 Nf6 2. Nf3 g6 3. h3 Bg7 4. Bf4 d6 5. e3 O-O 6. Nbd2 Nc6 7. Be2 Re8 8. O-O
e5 9. Bh2 exd4 10. exd4 Bf5 11. c3 Qd7 12. Nc4 Re7 13. Ne3 Rae8 14. Bb5 Be4 15.
d5 Bxf3 16. Qxf3 Nd4 17. Bxd7 Nxf3+ 18. gxf3 Nxd7 19. Rab1 Bh6 20. f4 f5 21.
Kg2 Nf6 22. Kf3 Nh5 23. Rg1 Kh8 24. Rbc1 Re4 25. Ng2 Nf6 26. c4 Re2 27. Rb1 Nd7
28. Rgd1 Bg7 29. Ne3 Rxb2 30. Rxb2 Bxb2 31. Rb1 Bd4 32. Rxb7 Bb6 33. Bg3 Nc5
34. Rxb6 axb6 35. Bh4 Ne4 36. Kg2 Kg7 37. Nc2 h6 38. Nd4 g5 39. fxg5 hxg5 40.
Bg3 Nxg3 41. Kxg3 Kf6 42. f4 gxf4+ 43. Kf3 Re3+ 44. Kg2 Re4 0-1

[Event "6eme Open d'Echecs de Saint-Chely d'Aub"]
[Site "Saint-Chely d'Aubrac (12)"]
[Date "2006.07.17"]
[Round "4.28"]
[White "Viennot, Kevin"]
[Black "Weigel, Marie"]
[Result "0-1"]
[WhiteElo "1540"]
[BlackElo "1720"]
[PlyCount "132"]
[EventDate "2006.07.??"]

1. Nf3 Nf6 2. e3 d6 3. c4 Nbd7 4. Nc3 e5 5. d4 Be7 6. Bd3 c6 7. O-O a6 8. d5
cxd5 9. cxd5 b5 10. e4 O-O 11. a4 b4 12. Ne2 Nc5 13. Qc2 Bd7 14. b3 Rc8 15. Qb1
Bg4 16. Ng3 Bxf3 17. gxf3 Nfd7 18. Bc4 Nb6 19. Be3 Nxc4 20. bxc4 a5 21. Bxc5
Rxc5 22. Qb3 Bg5 23. Ra2 Qc7 24. Rc2 Rc8 25. Nf5 g6 26. h4 Bf4 27. Ne3 Bxe3 28.
fxe3 Rxc4 29. Rxc4 Qxc4 30. Qxc4 Rxc4 31. Rb1 Rc3 32. Kf2 Kg7 33. f4 f6 34. Ke2
Kh6 35. Kd2 Kh5 36. Rh1 exf4 37. exf4 {(=)} 37... Kg4 38. e5 fxe5 39. fxe5 dxe5
40. d6 Rc6 41. Rg1+ Kxh4 42. Rh1+ Kg5 43. Rxh7 Rxd6+ 44. Kc2 Kg4 45. Ra7 Rd5
46. Kb3 g5 47. Kc4 Rd4+ 48. Kc5 b3 49. Rxa5 b2 50. Rb5 Rxa4 51. Rxb2 e4 52.
Rg2+ Kf4 53. Rf2+ Kg3 54. Rf1 e3 55. Rg1+ Kf4 56. Rf1+ Ke4 57. Rg1 Ra5+ 58. Kb4
Rf5 59. Kc3 Rc5+ 60. Kb4 Rc2 61. Rxg5 e2 62. Rg1 Rd2 63. Re1 Kd3 64. Kb3 Rd1
65. Rxe2 Kxe2 66. Kc2 Rd7 0-1

[Event "6eme Open d'Echecs de Saint-Chely d'Aub"]
[Site "Saint-Chely d'Aubrac (12)"]
[Date "2006.07.17"]
[Round "4.30"]
[White "Gazel, Bruno"]
[Black "Ruetsch, Johan"]
[Result "1-0"]
[WhiteElo "1520"]
[BlackElo "1550"]
[PlyCount "77"]
[EventDate "2006.07.??"]

1. e4 c5 2. Nf3 Nc6 3. d4 cxd4 4. Nxd4 g6 5. Be3 Bg7 6. c3 Nf6 7. f3 O-O 8. Bc4
Ne5 9. Bb3 a6 10. O-O b5 11. Qe2 Bb7 12. Nd2 Rc8 13. Rfd1 Rc7 14. a4 Bc6 15.
Nxc6 dxc6 16. Bb6 Nfd7 17. Nf1 Qb8 18. Bxc7 Qxc7 19. Ne3 Nc5 20. Bc2 Qb6 21.
Kh1 Nc4 22. b3 Nxe3 23. Qxe3 Rb8 24. Rab1 Ne6 25. Qxb6 Rxb6 26. c4 Nf4 27. Bd3
Rb8 28. cxb5 cxb5 29. axb5 axb5 30. g3 Nh3 31. Kg2 Ng5 32. Rbc1 Ne6 33. Bb1 Nd4
34. Rc3 Ne2 35. Rcd3 Nc3 36. Rd8+ Rxd8 37. Rxd8+ Bf8 38. Bd3 b4 39. Bc4 1-0

[Event "6eme Open d'Echecs de Saint-Chely d'Aub"]
[Site "Saint-Chely d'Aubrac (12)"]
[Date "2006.07.17"]
[Round "4.31"]
[White "Bou, Georges"]
[Black "Causse, Michel"]
[Result "1-0"]
[WhiteElo "1420"]
[BlackElo "1499"]
[PlyCount "106"]
[EventDate "2006.07.??"]

1. e4 e5 2. Nf3 Nf6 3. Nxe5 d6 4. Nf3 Nxe4 5. Qe2 Qe7 6. d3 Nf6 7. Bg5 Qxe2+ 8.
Bxe2 Be7 9. Nc3 c6 10. O-O-O h6 11. Bd2 Bf5 12. Nd4 Bg6 13. Rde1 O-O 14. Bf3
Re8 15. Re2 Nbd7 16. g3 Ne5 17. Bg2 a5 18. f4 Ned7 19. h3 a4 20. g4 Nc5 21.
Nxc6 Bf8 22. Rxe8 Rxe8 23. Nd4 Nfd7 24. f5 Bh7 25. h4 f6 26. Ne6 Kh8 27. Nxf8
Nxf8 28. Bf4 Nfd7 29. Nb5 Bg8 30. Kb1 Nb6 31. Nxd6 Re7 32. g5 h5 33. g6 Nd5 34.
Bc1 Nb6 35. Bf3 Bd5 36. Bxd5 Nxd5 37. Bd2 Re5 38. Re1 Rxe1+ 39. Bxe1 Ne7 40.
Bf2 b6 41. Nc4 Nd7 42. Ne3 b5 43. c4 bxc4 44. dxc4 Kg8 45. Bg3 Nc5 46. Bd6 Nxf5
47. Nxf5 Ne4 48. Ne7+ Kf8 49. Bb4 Ke8 50. Nf5 Kd7 51. Nxg7 Kc6 52. Nxh5 f5 53.
g7 Nd6 1-0